Sociálny štát alebo štát bez adjektív

Bibliographic Details
Main Author: Pogady, Peter (Author)
Format: Article
Language:Slovak
PhysicalDescription:Fotogr.
ISSN:0862-5999
Subjects:

MARC

LEADER 00000nab a2200000 a 4500
001 vtls009452762
003 SK-MaSNL
005 20260303053530.0
008 140422c2008 xo |||||| | ||00 b|slo
015 |a SNBRB2008/12  |2 snkbucl 
038 |a SNKBUCL 
040 |a SNKBUCL  |b slo  |c SNKBUCL  |e AACR2 
041 0 |a slo 
044 |a xo  |c SK 
080 |a 36-146.2  |2 1997 
080 |a 342.1  |2 1997 
080 |a 316.323.65  |2 1997 
100 1 |a Pogady, Peter  |4 aut  |9 302411 
245 1 0 |a Sociálny štát alebo štát bez adjektív  |c Peter Pogady 
300 |b Fotogr. 
650 0 7 |a štát  |2 SNKPH  |9 4689 
650 0 7 |a sociálny štát  |2 SNKPH  |9 3719 
650 0 7 |a sociálne funkcie  |2 SNKPH  |9 1034661 
650 0 7 |a štát blahobytu  |2 SNKPH  |9 49926 
773 0 |t Literárny (dvoj)týždenník  |g Roč. XXI, č. 31-32 (2008), s. 5  |x 0862-5999 
852 |a SNK  |b KIS3GCP 
999 |c 1719623  |d 1721553